Theodolite design and construction (Record no. 98097)

MARC details
000 -LEADER
fixed length control field 00540cam a2200205 4500
001 - CONTROL NUMBER
control field D14037
008 - FIXED-LENGTH DATA ELEMENTS--GENERAL INFORMATION
fixed length control field 970304 19-? aeo f
035 ## - SYSTEM CONTROL NUMBER
System control number (Sirsi) u94618
041 ## - LANGUAGE CODE
Language code of text/sound track or separate title eng
050 04 - LIBRARY OF CONGRESS CALL NUMBER
Classification number 526.9028 $2 18
100 1# - MAIN ENTRY--PERSONAL NAME
Personal name Taylor, E. Wilfred
245 00 - TITLE STATEMENT
Title Theodolite design and construction
260 ## - PUBLICATION, DISTRIBUTION, ETC.
Place of publication, distribution, etc. York
Name of publisher, distributor, etc. Cooke, Traughton and Sims
Date of publication, distribution, etc. 19-?
300 ## - PHYSICAL DESCRIPTION
Extent 132p
Other physical details ill.
Dimensions 24cm.
350 ## - PRICE (NR) (BK AM CF MU VM SE) [OBSOLETE]
Price 0
651 #4 - SUBJECT ADDED ENTRY--GEOGRAPHIC NAME
Geographic name United Kingdom
Chronological subdivision
690 ## - LOCAL SUBJECT ADDED ENTRY--TOPICAL TERM (OCLC, RLIN)
Topical term or geographic name as entry element ENVIRONMENTAL AND LAND CONSULTANCY-GEOMATICS
942 ## - ADDED ENTRY ELEMENTS (KOHA)
Suppress in OPAC 0
948 ## - LOCAL PROCESSING INFORMATION (OCLC); SERIES PART DESIGNATOR (RLIN)
c (OCLC) 04/03/1997
Holdings
Withdrawn status Lost status Source of classification or shelving scheme Damaged status Not for loan Home library Current library Shelving location Date acquired Total Checkouts Full call number Barcode Date last seen Copy number Price effective from Koha item type
    Other/Generic Classification Scheme     London London Basement 27/07/2001   SHELF 136 30072723 06/08/2019 1 06/08/2019 Book